000 00209as aa2200097a 44500
090 _aSERIADAS
_b00578
245 1 0 _aCultura Survival Quarterly
041 0 _aInglés
260 _aEstados Unidos
942 _cREVISTA
999 _c16845
_d16845